| 000 | 00767cam a22001934a 4500 | ||
|---|---|---|---|
| 005 | 20250605164008.0 | ||
| 008 | 250528s ||||||||||||||||||||||||d | ||
| 035 | _a15863 | ||
| 020 | _a83064427 | ||
| 040 |
_aGR-AtMCL _bgre _dGR-AtMCL _eAACR2 |
||
| 245 | 1 | _aSuper VGA Graphics / Programming Secrets | |
| 260 |
_bWindcrest/ Mcgraw-Hill, _c1993 |
||
| 300 | _a580 | ||
| 520 | _aLearn how to write graphics-based software that will dazzle your users. Preface, Birds and Martians and Flying Pigs, Graphic Files, 16-Color Graphics, 256-Color Graphics, High-Color Graphics, Display Fonts, Printing Super VGA Graphics, Writing Animated Games, Detecting Super VGA Cards, Index. | ||
| 700 | 1 |
_aRimmer Steve _91884 |
|
| 942 | _cBK | ||
| 999 |
_c1412 _d1412 |
||